000 00574nam a2200241 a 4500
001 0001-1314
003 ELIB.Books
008 150727 2010 eng
020 _a1562924885
035 _a(ELIB.Books)0001-1469
092 _a253
_bBla
100 _aBlanchard, Ken.
245 _aThe Heart of a Leader
260 _aTulsa
_bHonor Books
_c1999
300 _a157
_c18
500 _aLibrary
650 _aLeadership
856 _nKBTS: Library
_uKBTS: Elib
942 _2ddc
_cBK
990 _a1
998 _cbat
_e2015-07-27
999 _c11314
_d11314